Statistiken für Millionenstädte der USA

Klicken Sie hier um das Quiz zu spielen!

Allgemein

  • Dieses Quiz wurde 80 mal gespielt
  • Das Durchschnittsergebnis liegt bei 7 aus 9

Antwortstatistiken

EinwohnerzahlStadt% Korrekt
8.335.897New York
99%
3.822.238Los Angeles
97%
2.665.039Chicago
93%
2.302.878Houston
80%
1.299.544Dallas
75%
1.567.258Philadelphia
68%
1.644.409Phoenix
59%
1.381.162San Diego
57%
1.472.909San Antonio
42%

Verteilung der Resultate

Perzentil nach korrekt beantworteten Fragen

Anzahl Personen mit jedem Resultat

Ihre Resultats-Entwicklung

Sie haben dieses Quiz noch nicht gespielt